Film Français par image 2 - Statistiques

Statistiques générales
  • Ce quiz a été pris 95 fois
  • Le résultat moyen est 8 sur 17
Statistiques - réponses
Par images Réponse % Correct
Léon
91%
Les Choristes
91%
Les Bronzés
76%
La Famille Bélier
75%
Le Prénom
74%
Peau d'Âne
60%
La Piscine
58%
La vérité si je mens
56%
Coco
49%
L'Arnacœur
35%
OSS 117 : Rio ne répond plus
29%
Et Dieu créa la femme
15%
Gainsbourg ( Vie héroïque)
15%
Rocco et ses frères
12%
Irréversible
9%
Slogan
2%
Tellement proches
2%
Aucun quiz correspondant
Distribution des résultats
% des personnes avec chaque résultat
Percentile par nombre de réponses
Votre historique - résultats
Vous n’avez pas pris ce quiz